Diccionario de biografías (Registro nro. 229)

Detalles MARC
000 -Cabecera
Campo de control interno 00577nam a2200229Ia 4500
005 - Fecha y hora del registro
control field 20251203123020.0
008 - Elementos de Longitud Fija
fixed length control field 251203t2001||||xx |||||||||||||| ||spa||
020 ## - ISBN
ISBN 8449414334
041 ## - Idioma
Codigo Idioma ESP
082 ## - DEWEY y NOTACIÓN INTERNA
Dewey RD 920
Notación Interna O28
110 ## - AUTOR INSTTITUCIONAL
Autor Institucional Océano Grupo Editorial
245 #0 - TÍTULO DE MATERIAL BIBLIOGRÁFICO
Título Diccionario de biografías
Título paralelo
260 ## - CIUDAD, EDITORIAL, AÑO
Ciudad Barcelona :
Nombre de la Editorial Océano,
Año 2001
300 ## - DESCRIPCIÓN
N° Páginas 1071 páginas :
Otros detalles ilustraciones ;
Dimensiones 26 cm.
Material Adicional
440 ## - MENCIÓN DE SERIE
Título de la Serie
Número de Serie
Volumen de Serie
500 ## - NOTA GENERAL
Nota General CD-ROM
650 ## - TEMAS
Temas Geografía
653 ## - DESCRIPTORES
Lenguajes no controlado Biografías - Diccionario
654 ## - PROGRAMAS
Programa Todos los programas
942 ## - ELEMENTOS DE KOHA
Tipo de documento Diccionario
Nombre del creador Justo Noguera
Código de catalogador Tania Ramirez
Esquema de clasificación Dewey Decimal Classification
Suppress in OPAC
Existencias
Codigo completo Registro Colección Copia número Disponibilidad Tipo de préstamo Biblioteca Actual Procedencia (Biblioteca) Ubicacón Fecha Ingreso Tipo de Adquisición Date last seen Total checkouts Price effective from Tipo de Item Estado del Material Fuente de Clasificación Damaged status Withdrawn status
RD 920 O28 1085100 Colección Vera Bejar 1   Restringido Víctor Andrés Belaunde Víctor Andrés Belaunde Planta baja cerrada 03/12/2025 Donación 03/12/2025   03/12/2025 Diccionario Bueno Dewey Decimal Classification   Withdrawn